000 00832nam a2200229Ia 4500
999 _c55886
_d55886
001 22984
003 GE_BSU
005 20230504141830.0
008 181216s1987||||ge |||||||||||||| ||geo||
040 _cGE_BSU
041 _ageo
080 _a821.353.1(აგიოგრ.) ს-53
100 _aსირაძე, რევაზ
_95771
245 _aქართული აგიოგრაფია /
_cრევაზ სირაძე.
250 _aI-ლი გამოც.
264 _aთბილისი :
_bნაკადული,
_c1987.
300 _a199 გვ. ;
_b 20 სმ.
541 _h1ლ. 50თ.
653 _aიაკობ ცურტაველის სახისმეტყველება.
653 _aქართული აგიოგრაფია.
942 _cBK
_2udc